Datum a čas kvízu

29.5 Celkem bodů Celkový počet nahraných bodů na tomto kvízu bez doplňovacích otázek.
10. Pořadí na kvízu Konečné umístění týmu na tomto kvízu.

Zaznamenané odpovědi

# Otázka Odpověď Body Výsledky
1. Hned tři akce naráz přerušilo... Kateřina Marie Tichá 1
2. V pondělí jsme se dozvěděli o... Starbucks 1
3. Minulý týden jsme se dozvěděli... o akvadukt 0
4. Česká společnost Snuggs se sta... menstruační kalhotky 1
5. Jak se jmenuje vítěz ankety Fo... Tomáš Souček; West Ham (United) 1
6. Podíváme se na temné stránky d... Jan Želivský 0
7. Doba pobělohorská znamenala zá... Obnovené zřízení zemské 0
8. První světová válka znamenala... Osmanská říše 0
9. V období tzv. Protektorátu se... František Fajtl 0
10. Seřaďte tyto komunistické prez... 1C 2B 3D 4A 0